|
|
|
|
| LEADER |
00000cam a2200000 7i4500 |
| 001 |
0000003403 |
| 002 |
000003670 |
| 005 |
20000330.0 |
| 020 |
|
|
|a 0721440134
|
| 090 |
0 |
0 |
|a JF
|b CIN
|
| 245 |
0 |
0 |
|a Cinderella
|
| 260 |
|
|
|a Loughborough :
|b Ladybird Books ,
|c 1991
|
| 300 |
|
|
|a p.v. :
|b ill. ;
|c 19cm.
|
| 490 |
0 |
|
|a Disney
|
| 650 |
0 |
0 |
|a Children's stories
|
| 999 |
|
|
|a 031618
|b BUKU
|c JUNIOR FICTION
|e PERPUSTAKAAN KOMUNITI PETALING JAYA
|
| 999 |
|
|
|a 055989
|b BUKU
|c PINJAMAN
|e PERPUSTAKAAN KOMUNITI CAW KOTA DAMANSARA
|
| 999 |
|
|
|a 057794
|b BUKU
|c PINJAMAN
|e PERPUSTAKAAN KOMUNITI PETALING JAYA
|
| 999 |
|
|
|a 057796
|b BUKU
|c PINJAMAN
|e PERPUSTAKAAN KOMUNITI PETALING JAYA
|